[Event "GBR-ch 65+ 106th"]
[Site "Torquay"]
[Date "2019.07.31"]
[Round "3"]
[White "Goodwin, Ed H"]
[Black "De Coverly, Roger D"]
[Result "1/2-1/2"]
[WhiteElo "1825"]
[BlackElo "1928"]
[PlyCount "114"]
[EventDate "2019.07.29"]
[EventType "swiss"]
[EventRounds "7"]
[EventCountry "ENG"]
[SourceTitle "EXT 2020"]
[Source "ChessBase"]
[SourceDate "2019.10.17"]
[SourceVersion "1"]
[SourceVersionDate "2019.10.17"]
[SourceQuality "1"]

1. d4 Nf6 2. Nc3 c5 3. d5 d6 4. e4 a6 5. a4 g6 6. Be2 Bg7 7. Nf3 0-0 8. 0-0 Nbd7 9. h3 Rb8 10. a5 Ne8 11. Nd2 Nc7 12. f4 Nf6 13. Bf3 Nb5 14. Nxb5 axb5 15. Nb3 e6 16. Be3 exd5 17. e5 dxe5 18. Bxc5 Re8 19. fxe5 Rxe5 20. Bd4 Re6 21. Nc5 Rc6 22. Be2 b4 23. Bb5 Rd6 24. Be5 Bf5 25. Rxf5 gxf5 26. Bd3 Ne4 27. Bxd6 Qxd6 28. Nb3 Bxb2 29. Bxe4 fxe4 30. Rb1 Bc3 31. Qg4+ Qg6 32. Qd7 Qe6 33. Qc7 Be5 34. Qc5 Rc8 35. Qxb4 Qc6 36. Nd4 Bxd4+ 37. Qxd4 Qc5 38. Qxc5 Rxc5 39. Rxb7 Rxa5 40. Rc7 Kg7 41. Kf2 Kf6 42. Ke3 Ke6 43. Kd4 Ra4+ 44. Ke3 h5 45. Rc8 f5 46. Kf4 Rc4 47. Rh8 Rxc2 48. Rh6+ Ke7 49. Rxh5 Rxg2 50. Ke5 e3 51. Rh7+ Kf8 52. Ra7 Rd2 53. Kf6 Ke8 54. Re7+ Kd8 55. Rxe3 d4 56. Rf3 d3 57. Kxf5 Ke7 1/2-1/2

[Event "GBR-ch 65+ 106th"]
[Site "Torquay"]
[Date "2019.07.29"]
[Round "1"]
[White "Goodwin, Ed H"]
[Black "Jones, Chris"]
[Result "1/2-1/2"]
[WhiteElo "1825"]
[BlackElo "2036"]
[PlyCount "89"]
[EventDate "2019.07.29"]
[EventType "swiss"]
[EventRounds "7"]
[EventCountry "ENG"]
[SourceTitle "EXT 2020"]
[Source "ChessBase"]
[SourceDate "2019.10.17"]
[SourceVersion "1"]
[SourceVersionDate "2019.10.17"]
[SourceQuality "1"]

1. d4 Nf6 2. Nc3 d5 3. Bf4 e6 4. e3 Bd6 5. Nf3 c5 6. Bb5+ Nc6 7. Ne5 Qc7 8. Bg3 a6 9. Bxc6+ bxc6 10. Nd3 cxd4 11. Bxd6 Qxd6 12. exd4 0-0 13. 0-0 Nd7 14. Re1 c5 15. dxc5 Nxc5 16. Nxc5 Qxc5 17. Qh5 Bd7 18. Re3 f5 19. Rh3 h6 20. Rg3 Rf6 21. Qh4 Raf8 22. Qf4 d4 23. b4 Qxb4 24. Ne2 Qc5 25. Qxd4 Qxd4 26. Nxd4 e5 27. Ne2 Rc6 28. Rc3 Rxc3 29. Nxc3 Rc8 30. Nd5 Rxc2 31. Nb4 Rc4 32. Nd3 e4 33. Ne5 Rd4 34. Nxd7 Rxd7 35. Kf1 Rd2 36. a4 Kh7 37. Rc1 Rd6 38. Ke2 Kg6 39. g3 Kf6 40. Rc7 g6 41. h4 h5 42. Rc5 Ke6 43. Rc8 Kd7 44. Rg8 Ke7 45. Ra8 1/2-1/2

[Event "BCF-chT4S 1819 (4NCL)"]
[Site "England"]
[Date "2019.02.10"]
[Round "6.103"]
[White "Goodwin, Ed H"]
[Black "Love, James"]
[Result "1-0"]
[WhiteElo "1877"]
[BlackElo "1622"]
[PlyCount "49"]
[EventDate "2018.11.17"]
[EventType "team-swiss"]
[EventRounds "11"]
[EventCountry "ENG"]
[SourceTitle "EXT 2021"]
[Source "ChessBase"]
[SourceDate "2020.10.23"]
[SourceVersion "1"]
[SourceVersionDate "2020.10.23"]
[SourceQuality "1"]
[WhiteTeam "Throw in the Tal"]
[BlackTeam "Crowthorne II"]
[WhiteTeamCountry "ENG"]
[BlackTeamCountry "ENG"]

1. d4 b6 2. e4 Bb7 3. Nd2 e6 4. Ngf3 d6 5. Bd3 Nd7 6. Qe2 a6 7. 0-0 Ne7 8. Re1 Ng6 9. Nf1 Be7 10. Bd2 h6 11. e5 Bxf3 12. Qxf3 dxe5 13. Bxg6 fxg6 14. Qg4 Nf8 15. dxe5 c5 16. Rad1 Qd4 17. Qf3 Qd5 18. Qa3 Qc6 19. c4 Kf7 20. Ng3 Kg8 21. Bc1 Kh7 22. Ne4 Nd7 23. Bf4 Rhd8 24. Qf3 Rf8 25. Ng5+ 1-0

[Event "BCF-chT4S 1819 (4NCL)"]
[Site "England"]
[Date "2019.01.13"]
[Round "4.23"]
[White "Goodwin, Ed H"]
[Black "Garnett, John S"]
[Result "1/2-1/2"]
[WhiteElo "1877"]
[BlackElo "1990"]
[PlyCount "56"]
[EventDate "2018.11.17"]
[EventType "team-swiss"]
[EventRounds "11"]
[EventCountry "ENG"]
[SourceTitle "EXT 2021"]
[Source "ChessBase"]
[SourceDate "2020.10.23"]
[SourceVersion "1"]
[SourceVersionDate "2020.10.23"]
[SourceQuality "1"]
[WhiteTeam "Throw in the Tal"]
[BlackTeam "Ashfield"]
[WhiteTeamCountry "ENG"]
[BlackTeamCountry "ENG"]

1. d4 Nf6 2. Bf4 d5 3. e3 c5 4. c3 Nc6 5. Bd3 cxd4 6. exd4 g6 7. Nd2 Bg7 8. Ngf3 0-0 9. 0-0 Nh5 10. Bg5 Qc7 11. Re1 e5 12. dxe5 Nxe5 13. Nxe5 Bxe5 14. Nf3 Bg7 15. Qb3 Be6 16. Nd4 h6 17. Bd2 Nf4 18. Bf1 Rad8 19. Rad1 Bg4 20. f3 Bc8 21. Be3 a6 22. Ne2 Nxe2+ 23. Bxe2 b5 24. Bf2 Be6 25. Qb4 Rfe8 26. Bf1 Kh7 27. Bg3 Qa7+ 28. Bf2 Qc7 1/2-1/2

[Event "Nottingham 4NCL Major op"]
[Site "Nottingham"]
[Date "2018.09.30"]
[Round "5"]
[White "Goodwin, Ed H"]
[Black "Di Vetta, Andrew"]
[Result "1/2-1/2"]
[WhiteElo "1847"]
[BlackElo "1681"]
[PlyCount "112"]
[EventDate "2018.09.28"]
[EventType "swiss"]
[EventRounds "5"]
[EventCountry "ENG"]
[SourceTitle "CBM 187 Extra"]
[Source "ChessBase"]
[SourceDate "2018.11.04"]
[SourceVersion "1"]
[SourceVersionDate "2018.11.04"]
[SourceQuality "1"]

1. d4 Nf6 2. c4 e6 3. Nc3 Bb4 4. Nf3 b6 5. Bg5 h6 6. Bh4 Bb7 7. e3 g5 8. Bg3 Ne4 9. Qc2 a5 10. Bd3 f5 11. a3 Bxc3+ 12. bxc3 d6 13. 0-0 h5 14. h4 g4 15. Nd2 Nxd2 16. Qxd2 Nd7 17. d5 Qf6 18. e4 fxe4 19. Bxe4 Nc5 20. Bc2 0-0-0 21. Bf4 Rde8 22. Bg5 Qf7 23. Rad1 exd5 24. cxd5 Ba6 25. Rfe1 Rxe1+ 26. Rxe1 Re8 27. Rxe8+ Qxe8 28. Qe3 Qxe3 29. Bxe3 Bd3 30. Bd1 Ne4 31. Bd4 Nd2 32. f3 gxf3 33. gxf3 Nc4 34. a4 Nb2 35. Bb3 Kd7 36. f4 Ke7 37. Kf2 Kf7 38. f5 Bxf5 39. Ke3 Kg6 40. c4 Nd3 41. Bc2 Ne5 42. Bb3 Nd7 43. Kf4 Bb1 44. Bd1 Nc5 45. Ke3 Ba2 46. Bc2+ Kh6 47. Bxc5 bxc5 48. Kd3 Kg7 49. Kc3 Kf6 50. Bd3 Ke5 51. Be2 Bb1 52. Bxh5 Bf5 53. Be8 Kf4 54. h5 Kg5 55. Kd2 Bg4 56. Ke3 Bxh5 1/2-1/2

[Event "BCF-chT4S 1718 (4NCL)"]
[Site "England"]
[Date "2018.02.11"]
[Round "6.85"]
[White "Goodwin, Ed H"]
[Black "Davies, Merlin"]
[Result "1-0"]
[WhiteElo "1860"]
[BlackElo "1502"]
[PlyCount "97"]
[EventDate "2017.11.11"]
[EventType "team-swiss"]
[EventRounds "11"]
[EventCountry "ENG"]
[SourceTitle "EXT 2020"]
[Source "ChessBase"]
[SourceDate "2019.10.17"]
[SourceVersion "1"]
[SourceVersionDate "2019.10.17"]
[SourceQuality "1"]
[WhiteTeam "Throw in the Tal"]
[BlackTeam "West is Best IV"]
[WhiteTeamCountry "ENG"]
[BlackTeamCountry "WLS"]

1. d4 d5 2. Bf4 Nc6 3. Nf3 Nf6 4. e3 Bg4 5. Be2 Bxf3 6. Bxf3 g6 7. Nd2 Bg7 8. 0-0 0-0 9. c4 Re8 10. cxd5 Nxd5 11. Bxd5 Qxd5 12. Bxc7 e5 13. dxe5 Bxe5 14. Bxe5 Nxe5 15. Nf3 Qxd1 16. Rfxd1 Nxf3+ 17. gxf3 Rad8 18. Rac1 Rxd1+ 19. Rxd1 Re5 20. Rd7 Rg5+ 21. Kh1 Rb5 22. b3 Ra5 23. Rxb7 Rxa2 24. Kg2 a5 25. f4 Rb2 26. Rb5 Kg7 27. f5 gxf5 28. Rxf5 Rxb3 29. Rxa5 Kg6 30. Kg3 Rb4 31. Rd5 Re4 32. Rd3 f5 33. f3 Ra4 34. Rd4 Ra5 35. h3 Re5 36. Kf4 Re6 37. Rd5 h6 38. Ra5 Rf6 39. Rd5 Re6 40. h4 Rf6 41. h5+ Kxh5 42. Rxf5+ Rxf5+ 43. Kxf5 Kh4 44. Kg6 h5 45. e4 Kg3 46. Kxh5 Kf4 47. Kg6 Ke5 48. Kf7 Kd6 49. f4 1-0

[Event "BCF-chT4 1516 (4NCL)"]
[Site "England"]
[Date "2016.01.17"]
[Round "4.167"]
[White "Richardt, Mike"]
[Black "Goodwin, Ed H"]
[Result "0-1"]
[WhiteElo "2032"]
[BlackElo "1860"]
[PlyCount "102"]
[EventDate "2015.11.14"]
[EventType "team-swiss"]
[EventRounds "11"]
[EventCountry "ENG"]
[SourceTitle "EXT 2017"]
[Source "ChessBase"]
[SourceDate "2016.10.25"]
[SourceVersion "1"]
[SourceVersionDate "2016.10.25"]
[SourceQuality "1"]
[WhiteTeam "West is Best II"]
[BlackTeam "Throw in the Tal"]
[WhiteTeamCountry "ENG"]
[BlackTeamCountry "ENG"]

1. d4 e6 2. c4 f5 3. g3 Nf6 4. Bg2 Be7 5. Nh3 d6 6. 0-0 0-0 7. Nd2 e5 8. e3 c6 9. dxe5 dxe5 10. Nf3 Bd6 11. c5 Bc7 12. b4 Qxd1 13. Rxd1 a5 14. Bb2 Re8 15. b5 cxb5 16. Nh4 Nc6 17. f4 e4 18. Bf1 Ng4 19. Ng2 h6 20. Bxb5 Be6 21. Nf2 Nxf2 22. Kxf2 Red8 23. Ne1 Rxd1 24. Rxd1 Bxa2 25. Rd7 Rd8 26. Bxc6 bxc6 27. Rxg7+ Kf8 28. Bc3 Bf7 29. Rh7 Rd1 30. Rxh6 Rc1 31. Rxc6 Rxc3 32. Rxc7 a4 33. Ra7 a3 34. c6 a2 35. c7 Rxc7 36. Ra8+ Kg7 37. h3 Rc1 38. g4 a1Q 39. Rxa1 Rxa1 40. Ng2 Be6 41. Kg3 Rg1 42. Kf2 Ra1 43. Kg3 Ra3 44. gxf5 Bxf5 45. Nh4 Kf6 46. Ng2 Ra8 47. h4 Rg8+ 48. Kf2 Bh3 49. Ne1 Rg4 50. h5 Rh4 51. Nc2 Rxh5 0-1

[Event "BCF-chT4 1516 (4NCL)"]
[Site "England"]
[Date "2016.01.16"]
[Round "3.159"]
[White "Goodwin, Ed H"]
[Black "Liu, David J"]
[Result "1/2-1/2"]
[WhiteElo "1860"]
[BlackElo "1836"]
[PlyCount "82"]
[EventDate "2015.11.14"]
[EventType "team-swiss"]
[EventRounds "11"]
[EventCountry "ENG"]
[SourceTitle "EXT 2017"]
[Source "ChessBase"]
[SourceDate "2016.10.25"]
[SourceVersion "1"]
[SourceVersionDate "2016.10.25"]
[SourceQuality "1"]
[WhiteTeam "Throw in the Tal"]
[BlackTeam "Sussex Martlets II"]
[WhiteTeamCountry "ENG"]
[BlackTeamCountry "ENG"]

1. d4 e6 2. Nf3 Nf6 3. Bf4 d5 4. e3 c5 5. c3 Nc6 6. Bd3 Bd6 7. Bg3 0-0 8. Nbd2 b6 9. Ne5 Bb7 10. f4 Nd7 11. Qh5 f5 12. 0-0 Nf6 13. Qe2 Ne4 14. Nxe4 dxe4 15. Bc4 Re8 16. Qh5 Nxe5 17. fxe5 g6 18. Qd1 Bf8 19. Qb3 Bd5 20. Bxd5 exd5 21. c4 cxd4 22. exd4 dxc4 23. Qxc4+ Kg7 24. Rad1 Qd7 25. Kh1 b5 26. Qb3 g5 27. e6 Qxe6 28. Qxe6 Rxe6 29. Rxf5 Kg6 30. Rxb5 Rc8 31. h3 a6 32. Re5 Rxe5 33. Bxe5 Rc2 34. d5 e3 35. d6 e2 36. Re1 Kf7 37. Kg1 Ke6 38. Bg3 Rxb2 39. a3 Bxd6 40. Bxd6 Kxd6 41. Kf2 Ra2 1/2-1/2

[Event "BCF-ch U160"]
[Site "Coventry"]
[Date "2015.08.04"]
[Round "2"]
[White "Pride, Stephen C"]
[Black "Goodwin, Ed H"]
[Result "1/2-1/2"]
[WhiteElo "1655"]
[BlackElo "1795"]
[PlyCount "65"]
[EventDate "2015.08.03"]
[EventType "swiss"]
[EventRounds "5"]
[EventCountry "ENG"]
[SourceTitle "CBM 167 Extra"]
[Source "ChessBase"]
[SourceDate "2015.09.14"]
[SourceVersion "1"]
[SourceVersionDate "2015.09.14"]
[SourceQuality "1"]

1. d4 d5 2. Bg5 h6 3. Bh4 c6 4. a3 Qb6 5. Ra2 Bf5 6. e3 Nd7 7. c4 e6 8. c5 Qc7 9. Bd3 Bxd3 10. Qxd3 Ngf6 11. Nc3 e5 12. b4 Be7 13. Nge2 Qd8 14. 0-0 e4 15. Qd2 Nh5 16. Bxe7 Qxe7 17. f4 exf3 18. gxf3 Ndf6 19. Ng3 Nxg3 20. hxg3 0-0 21. Qd3 Rfe8 22. Nd1 Qc7 23. Rg2 Re6 24. g4 Nh7 25. f4 Qe7 26. Qe2 Re8 27. Qf3 f6 28. Rg3 Re4 29. Qg2 Qd7 30. Qh3 R4e7 31. Qg2 Qe6 32. Rf2 Qe4 33. Qxe4 1/2-1/2